GANONG'S REVIEW OF MEDICAL PHYSIOLOGY (Record no. 34989)

MARC details
000 -LEADER
fixed length control field 00386nam a22001697a 4500
003 - CONTROL NUMBER IDENTIFIER
control field SGT
020 ## - INTERNATIONAL STANDARD BOOK NUMBER
International Standard Book Number 9789364440844
082 ## - DEWEY DECIMAL CLASSIFICATION NUMBER
Classification number 612
Item number G25B
100 ## - MAIN ENTRY--PERSONAL NAME
Personal name BARRET, KIM E.
245 ## - TITLE STATEMENT
Title GANONG'S REVIEW OF MEDICAL PHYSIOLOGY
250 ## - EDITION STATEMENT
Edition statement 27TH
260 ## - PUBLICATION, DISTRIBUTION, ETC. (IMPRINT)
Place of publication, distribution, etc INDIA
Name of publisher, distributor, etc MC GRAW HIL PUB
Year of Publication 2025
300 ## - PAGE DESCRIPTION
No. of Pages 770
650 ## - SUBJECT ADDED ENTRY--TOPICAL TERM
Topical term or geographic name as entry element HUMAN PHYSIOLOGY
942 ## - ADDED ENTRY ELEMENTS (KOHA)
Source of classification or shelving scheme Dewey Decimal Classification
Koha item type Books
Holdings
Withdrawn status Lost status Source of classification or shelving scheme Damaged status Not for loan Collection code Home library Current library Shelving location Date acquired Vendor Name Cost, normal purchase price SGTU Bill Number Total Checkouts Full call number Accession No. (Barcode) Date last seen Bill Date Koha item type
    Dewey Decimal Classification   Not For Loan MEDICAL SGT Medical Library SGT Medical Library Reference Book 01/06/2026 ABC DELHI 2395.00 SGTU 23076   612 G25B FM16341 01/07/2026 01/06/2026 Books
    Dewey Decimal Classification     MEDICAL SGT Medical Library SGT Medical Library Text Book 01/06/2026 ABC DELHI 2395.00 SGTU 23076   612 G25B FM16342 01/07/2026 01/06/2026 Books
    Dewey Decimal Classification     MEDICAL SGT Medical Library SGT Medical Library Text Book 01/06/2026 ABC DELHI 2395.00 SGTU 23076   612 G25B FM16343 01/07/2026 01/06/2026 Books
    Dewey Decimal Classification     MEDICAL SGT Medical Library SGT Medical Library Text Book 01/06/2026 ABC DELHI 2395.00 SGTU 23076   612 G25B FM16344 01/07/2026 01/06/2026 Books
    Dewey Decimal Classification     MEDICAL SGT Medical Library SGT Medical Library Text Book 01/06/2026 ABC DELHI 2395.00 SGTU 23076   612 G25B FM16345 01/07/2026 01/06/2026 Books